00814 a2200229 4500001000700000003000400007005001700011008004100028020001800069082001700087245009100104260003900195300006400234500009800298546001200396650001500408653004900423700002800472700002700500700003500527700002200562139278OSt20251204161135.0  a9780857023346 a302.35bG85I1 aInstitutional theory in organizational studiescedited by Royston Greenwood...[et al.] aLos AnglesbSage publicationc2012 a5v. (v.1:328p.; v.2:489p.; v.3:304p.; v.4:310p.; v.5:353p.) aAcc. No. 15149- v.1; 15150- v.2; 15151- v.3; 15152- v.4; 15153- v.5 Vol set price 76567.00  aenglish aManagement aOrganizational behavior; Social institutions aGreenwood, Royston, Ed. aOliver, Christine, Ed. aSahlin-andersson, Kerstin, Ed. aRoy, Suddaby, Ed.